Super Mario Odyssey - All Power Moons - Mushroom Kingdom - Statistics

General Stats
  • This quiz has been taken 2 times
  • The average score is 23 of 104
Answer Stats
Answer % Correct
Loose-Tile Trackdown
100%
2D Boost from Bullet Bill
50%
A Tourist in the Mushroom Kingdom
50%
Battle in Bubblaine: Rematch
50%
Blowup at Mount Volbono: Rematch
50%
Caught Hopping at Peach's Castle!
50%
Courtyard Chest Trap
50%
Dust-Up in New Donk City: Rematch
50%
Forever Onward, Captain Toad!
50%
Found at Peach's Castle! Good Dog!
50%
Found With Mushroom Kingdom Art
50%
Gardening for Toad: Field Seed
50%
Gardening for Toad: Garden Seed
50%
Gardening for Toad: Lake Seed
50%
Gardening for Toad: Pasture Seed
50%
Gobbling Fruit with Yoshi
50%
Grow a Flower Garden
50%
Hat-and-Seek: Mushroom Kingdom
50%
Herding Sheep at Peach's Castle
50%
Jammin' in the Mushroom Kingdom
50%
Light from the Ceiling
50%
Love at Peach's Castle
50%
Mushroom Kingdom Master Cup
50%
Mushroom Kingdom Regular Cup
50%
Mushroom Kingdom Timer Challenge
50%
Perched on the Castle Roof
50%
Picture Match: A Stellar Mario!
50%
Picture Match: Basically Mario
50%
Pops out of the Tail
50%
Princess Peach: Home Again
50%
Rescue Princess Peach
50%
Rumble in Crumbleden: Rematch
50%
Secret 2D Treasure
50%
Secret Path to Peach's Castle
50%
Shopping Near Peach's Castle
50%
Struggle in Steam Gardens: Rematch
50%
Sunken Star in the Sea of Clouds
50%
Taking Notes: Around the Well
50%
Toad Defender
50%
Totally Classic
50%
Tussle in Tostarena: Rematch
50%
Yoshi's All Filled Up!
50%
Yoshi's Feast in the Sea of Clouds
50%
Yoshi's Second Helping!
50%
Achieve World Peace
0%
Art Enthusiast
0%
Art Investigator
0%
Captain Toad Greeter
0%
Captain Toad Meeter
0%
Capturing Apprentice
0%
Capturing Master
0%
Capturing Novice
0%
Checkpoint Flag Enthusiast
0%
Checkpoint Flagger
0%
Fashion Icon
0%
Fashion Maven
0%
Flat Moon Fanatic
0%
Flat Moon Finder
0%
Flower-Growing Guru
0%
Flower-Growing Sage
0%
Fly, Cappy, Fly!
0%
Gaga for Goombette
0%
Globe-Trotting with Princess Peach
0%
Ground Pound Inspector
0%
Ground Pound Professor
0%
Hat Icon
0%
Hat Maven
0%
Hat-Seeking Missile
0%
Jump! Jump! Jump!
0%
Koopa Freerunning Hall of Famer
0%
Koopa Freerunning MVP
0%
Lakitu Fishing Trip
0%
Loaded with Coins
0%
Master Sheep Herder
0%
Moon Rock Liberator
0%
Music Maestro
0%
Note-Collecting Space Tour
0%
Note-Collecting World Tour
0%
Power Moon Knight
0%
Power Moon Ruler
0%
Power Moon Wizard
0%
Quizmaster
0%
Racing with Rabbits
0%
Rad Hatter
0%
Regional Coin Shopper
0%
Rolling in Coins
0%
Running with Rabbits
0%
Slots Machine
0%
Souvenir Sampler
0%
Souvenir Savant
0%
Souvenir Sleuth
0%
Supernaturally Sure-Footed
0%
Super Rad Hatter
0%
Super Treasure Chest Hunter
0%
Swimming in Coins
0%
Timer Challenge Amateur
0%
Timer Challenge Professional
0%
Touring With Princess Peach
0%
Traveling-Bird Herder
0%
Treasure Chest Hunter
0%
Wearing it Great!
0%
Wearing it Perfect!
0%
Wearing it Well!
0%
World Warper
0%
No matching quizzes found
Score Distribution
Percent of People with Each Score
Percentile by Number Answered
Your Score History
You have not taken this quiz